00264nam a2200109Ia 4500008004100000020001500041100001300056245001900069250001200088260002800100300002600128211105s9999 xx 000 0 und d aVYASA07206 aNoAuthor 0aKundalini yoga a1st ed. bMotilal banarsidassc\N a365 p. includes index